<?xml version="1.0" encoding="UTF-8"?>
<record
    xmlns:xsi="http://www.w3.org/2001/XMLSchema-instance"
    xsi:schemaLocation="http://www.loc.gov/MARC21/slim http://www.loc.gov/standards/marcxml/schema/MARC21slim.xsd"
    xmlns="http://www.loc.gov/MARC21/slim">

  <leader>03339nam a22002777a 4500</leader>
  <controlfield tag="008">251021b        |||||||| |||| 00| 0 eng d</controlfield>
  <datafield tag="020" ind1=" " ind2=" ">
    <subfield code="a">9782253100560</subfield>
  </datafield>
  <datafield tag="040" ind1=" " ind2=" ">
    <subfield code="c">tbs</subfield>
  </datafield>
  <datafield tag="041" ind1=" " ind2=" ">
    <subfield code="a">fre</subfield>
    <subfield code="h">eng</subfield>
  </datafield>
  <datafield tag="050" ind1=" " ind2=" ">
    <subfield code="a">PS3625.A674</subfield>
    <subfield code="b">L58 2022</subfield>
  </datafield>
  <datafield tag="100" ind1=" " ind2=" ">
    <subfield code="a">Yanagihara, Hanya</subfield>
    <subfield code="9">24398</subfield>
    <subfield code="e">author</subfield>
  </datafield>
  <datafield tag="240" ind1=" " ind2=" ">
    <subfield code="a">A little life.</subfield>
    <subfield code="l">French.</subfield>
  </datafield>
  <datafield tag="245" ind1=" " ind2=" ">
    <subfield code="a">Une vie comme les autres</subfield>
    <subfield code="c">/ Hanya Yanagihara ; translated by Emmanuelle Ertel.</subfield>
  </datafield>
  <datafield tag="260" ind1=" " ind2=" ">
    <subfield code="a">Paris :</subfield>
    <subfield code="b">Editions Libella,</subfield>
    <subfield code="c">2018.</subfield>
  </datafield>
  <datafield tag="300" ind1=" " ind2=" ">
    <subfield code="a">1123 pages ;</subfield>
    <subfield code="c">18 cm.</subfield>
  </datafield>
  <datafield tag="520" ind1=" " ind2=" ">
    <subfield code="a">Une vie comme les autres de Hanya Yanagihara est un roman d&#x2019;une puissance bouleversante, explorant l&#x2019;amour fraternel et les limites de l&#x2019;endurance humaine.

Quatre dipl&#xF4;m&#xE9;s d&#x2019;un petit coll&#xE8;ge du Massachusetts s&#x2019;installent &#xE0; New York pour y construire leur avenir. Ils sont fauch&#xE9;s, un peu perdus, port&#xE9;s seulement par leur amiti&#xE9; et leur ambition. Il y a Willem, gentil et s&#xE9;duisant, un acteur en devenir ; JB, un peintre brooklynois plein d&#x2019;esprit mais parfois cruel, cherchant &#xE0; percer dans le monde de l&#x2019;art ; Malcolm, un architecte frustr&#xE9; travaillant dans un cabinet r&#xE9;put&#xE9; ; et Jude, brillant, secret, &#xE9;nigmatique, v&#xE9;ritable centre de gravit&#xE9; du groupe.

Au fil des d&#xE9;cennies, leurs relations se renforcent et s&#x2019;assombrissent, marqu&#xE9;es par l&#x2019;addiction, le succ&#xE8;s et l&#x2019;orgueil. Mais le plus grand d&#xE9;fi qu&#x2019;ils auront &#xE0; affronter, chacun finira par le comprendre, c&#x2019;est Jude lui-m&#xEA;me : devenu &#xE0; l&#x2019;&#xE2;ge m&#xFB;r un avocat d&#x2019;un talent redoutable, il n&#x2019;en reste pas moins un homme bris&#xE9;, marqu&#xE9; &#xE0; jamais par une enfance indicible. Son esprit et son corps portent les cicatrices d&#x2019;un pass&#xE9; qu&#x2019;il craint de ne jamais pouvoir surmonter &#x2014; un traumatisme si profond qu&#x2019;il risque de d&#xE9;finir sa vie &#xE0; jamais.

Faisant partie de la Picador Collection, cette &#x153;uvre monumentale illustre le meilleur de la litt&#xE9;rature contemporaine.</subfield>
  </datafield>
  <datafield tag="520" ind1=" " ind2=" ">
    <subfield code="a">A little life by Hanya Yanagihara is an immensely powerful and heartbreaking novel of brotherly love and the limits of human endurance. When four graduates from a small Massachusetts college move to New York to make their way, they're broke, adrift, and buoyed only by their friendship and ambition. There is kind, handsome Willem, an aspiring actor; JB, a quick-witted, sometimes cruel Brooklyn-born painter seeking entry to the art world; Malcolm, a frustrated architect at a prominent firm; and withdrawn, brilliant, enigmatic Jude, who serves as their center of gravity. Over the decades, their relationships deepen and darken, tinged by addiction, success, and pride. Yet their greatest challenge, each comes to realize, is Jude himself, by midlife a terrifyingly talented litigator yet an increasingly broken man, his mind and body scarred by an unspeakable childhood, and haunted by what he fears is a degree of trauma that he'll not only be unable to overcome - but that will define his life for ever. Part of the Picador Collection, a new series showcasing the best of modern literature.</subfield>
  </datafield>
  <datafield tag="650" ind1=" " ind2="0">
    <subfield code="a">Families </subfield>
    <subfield code="v">Fiction</subfield>
    <subfield code="9">22172</subfield>
  </datafield>
  <datafield tag="650" ind1=" " ind2="0">
    <subfield code="a">Male friendship</subfield>
    <subfield code="v">Fiction</subfield>
    <subfield code="9">24399</subfield>
  </datafield>
  <datafield tag="650" ind1=" " ind2="0">
    <subfield code="a">Gay men</subfield>
    <subfield code="v">Fiction</subfield>
    <subfield code="9">24400</subfield>
  </datafield>
  <datafield tag="651" ind1=" " ind2="0">
    <subfield code="a">New York (N.Y.)</subfield>
    <subfield code="v">Fiction</subfield>
    <subfield code="9">24052</subfield>
  </datafield>
  <datafield tag="655" ind1=" " ind2="0">
    <subfield code="a">Pride fiction</subfield>
    <subfield code="9">26245</subfield>
  </datafield>
  <datafield tag="655" ind1=" " ind2="0">
    <subfield code="a">Domestic fiction</subfield>
    <subfield code="9">23646</subfield>
  </datafield>
  <datafield tag="700" ind1=" " ind2=" ">
    <subfield code="a">Ertel, Emmanuelle</subfield>
    <subfield code="9">26244</subfield>
    <subfield code="e">translator</subfield>
  </datafield>
  <datafield tag="942" ind1=" " ind2=" ">
    <subfield code="2">lcc</subfield>
  </datafield>
  <datafield tag="952" ind1=" " ind2=" ">
    <subfield code="0">0</subfield>
    <subfield code="1">0</subfield>
    <subfield code="2">lcc</subfield>
    <subfield code="4">0</subfield>
    <subfield code="7">0</subfield>
    <subfield code="a">TBS</subfield>
    <subfield code="b">TBS</subfield>
    <subfield code="d">2025-10-21</subfield>
    <subfield code="l">0</subfield>
    <subfield code="o">P-FR YAN</subfield>
    <subfield code="p">B06048</subfield>
    <subfield code="r">2025-10-21</subfield>
    <subfield code="t">1</subfield>
    <subfield code="w">2025-10-21</subfield>
    <subfield code="y">1</subfield>
  </datafield>
  <datafield tag="999" ind1=" " ind2=" ">
    <subfield code="c">5073</subfield>
    <subfield code="d">5073</subfield>
  </datafield>
</record>
